Stories at work (Record no. 5014)
[ view plain ]
| 000 -CABECERA | |
|---|---|
| campo de control de longitud fija | 01284nam a22001937a 4500 |
| 003 - IDENTIFICADOR DEL NÚMERO DE CONTROL | |
| campo de control | OSt |
| 005 - FECHA Y HORA DE LA ÚLTIMA TRANSACCIÓN | |
| campo de control | 20251007152133.0 |
| 008 - DATOS DE LONGITUD FIJA--INFORMACIÓN GENERAL | |
| campo de control de longitud fija | 251007b |||||||| |||| 00| 0 eng d |
| 020 ## - NÚMERO INTERNACIONAL ESTÁNDAR DEL LIBRO | |
| Número Internacional Estándar del Libro | 9780670089840 |
| 040 ## - FUENTE DE LA CATALOGACIÓN | |
| Centro/agencia transcriptor | tbs |
| 041 ## - CÓDIGO DE LENGUA | |
| Código de lengua del texto/banda sonora o título independiente | English |
| 100 ## - ENTRADA PRINCIPAL--NOMBRE DE PERSONA | |
| Nombre de persona | Chakraborty, Indranil |
| 9 (RLIN) | 26034 |
| 245 ## - MENCIÓN DE TÍTULO | |
| Título | Stories at work |
| Resto del título | : Unlock the Secret to Business Storytelling |
| Mención de responsabilidad, etc. | / Indranil Chakraborty |
| 260 ## - PUBLICACIÓN, DISTRIBUCIÓN, ETC. | |
| Lugar de publicación, distribución, etc. | Penguin Random House India |
| Fecha de publicación, distribución, etc. | 2018 |
| 520 ## - SUMARIO, ETC. | |
| Sumario, etc. | Is there a way to share messages that stay with people for days? To influence others without overwhelming them with data and analysis? To drive real change within an organisation? The answer lies in storytelling.<br/><br/>Storytelling in business differs from casual anecdotes told among friends — it must be grounded in truth and purpose. Stories at Work shows you how to frame your stories with context and deliver them in a way that captures your audience’s attention.<br/><br/>Through its tools, techniques, and clear structures, this book helps you harness the power of storytelling in everyday business communication. You’ll learn how to connect, engage, and inspire — ensuring that what you share leaves a lasting impression on every listener. |
| 650 #0 - PUNTO DE ACCESO ADICIONAL DE MATERIA--TÉRMINO DE MATERIA | |
| Término de materia o nombre geográfico como elemento de entrada | Storytelling |
| 9 (RLIN) | 8216 |
| 650 #0 - PUNTO DE ACCESO ADICIONAL DE MATERIA--TÉRMINO DE MATERIA | |
| Término de materia o nombre geográfico como elemento de entrada | Business communication |
| 9 (RLIN) | 4067 |
| 942 ## - ELEMENTOS DE ENTRADA AGREGADA (KOHA) | |
| Fuente del sistema de clasificación o colocación | Clasificación de Library of Congress |
| Estado de retiro | Estado de pérdida | Fuente del sistema de clasificación o colocación | Estado dañado | No para préstamo | Biblioteca de origen | Biblioteca actual | Fecha de adquisición | Total de préstamos | Signatura topográfica completa | Código de barras | Fecha visto por última vez | Número de copia | Precio válido a partir de | Tipo de ítem Koha |
|---|---|---|---|---|---|---|---|---|---|---|---|---|---|---|
| Clasificación de Library of Congress | TBS Barcelona | TBS Barcelona | 07/10/2025 | HD30.3 CHA | B07703 | 07/10/2025 | 1 | 07/10/2025 | Book |

